| 000 | 00656nam a2200181 a 4500 | ||
|---|---|---|---|
| 005 | 20260112063328.0 | ||
| 020 | _a9789388630078 | ||
| 039 |
_a202111171024 _bstaff _c202111171023 _d staff _y 201910161216 _z staff |
||
| 082 |
_a658.4012 _bDEY [ Shelf 51 ] |
||
| 100 | _aDey, Ajoy Kumar | ||
| 245 |
_aEvolving Business Models in Ecosystem of Disruotive Technologies and Social Media / _cedited by Ajoy Kumar Dey & Hanna Lehtimaki |
||
| 260 |
_aNew Delhi : _bBloomsbury , _c2019 |
||
| 300 |
_axv , 366p. : _bill ; _c24 cm |
||
| 700 | _a& Lehtimaki, Hanna | ||
| 991 | _aVIRTUA40 | ||
| 991 | _aVTLSSORT0080*0200*0820*1000*2450*2600*3000*7000*9992 | ||
| 909 | _a5776 | ||
| 999 |
_c5226 _d5226 |
||